000 00878cab a2200241 4500
001 WB3014-66
008 090401t1994 xxu||||| |||| 00| 0 eng d
035 _a(Sirsi) u24329
041 _aeng
245 _aUniversities and planning
260 _c1994
350 _a0
490 _aEstates Gazette
_v(9414) 9 April 1994, 55(1)
520 _aMany universities experience difficulties with aspects of the planning system and a report initiated by the Committee of Vice-Chancellors and Principals, "Town and country planning and university estates", suggests the need for a planning policy guidance note on higher education.
650 _aEDUCATIONAL BUILDINGS
650 _aGOVERNMENT POLICY
650 _aHIGHER EDUCATION
650 _aPLANNING POLICY
650 _aUNIVERSITY ESTATES
690 _aPLANNING LAW AND PRACTICE
942 _n0
948 _c04/03/1997
999 _c16310
_d16310